[Event "FSIM Nov"]
[Site "Budapest HUN"]
[Date "2002.11.08"]
[Round "7"]
[White "Papp,Ge"]
[Black "Timmermans,I"]
[Result "1-0"]
[WhiteElo "2275"]
[BlackElo "2180"]

1.d4 d5 2.c4 c6 3.Nf3 Nf6 4.e3 e6 5.Nc3 Nbd7 6.Bd3 dxc4 7.Bxc4 b5 8.Bd3 a6
9.e4 c5 10.d5 c4 11.dxe6 fxe6 12.Bc2 Qc7 13.O-O Bb7 14.Ng5 Nc5 15.Qf3 Bd6
16.Qh3 O-O-O 17.Be3 h6 18.Nxe6 Nxe6 19.Qxe6+ Kb8 20.Qf5 Bc8 21.Nxb5 Bxh2+
22.Kh1 axb5 23.Qxb5+ Bb7 24.g3 g5 25.Bb6 Qf7 26.Kxh2 Ng4+ 27.Kg1 Qh5 28.Rfd1 Rdf8
29.Bc7+ Kc8 30.Qd7+  1-0

[Event "Olympiad w"]
[Site "Bled SLO"]
[Date "2002.11.10"]
[Round "14"]
[White "Horvath,Maria"]
[Black "Kagramanov,D"]
[Result "1-0"]
[WhiteElo "2059"]
[BlackElo "2088"]

1.d4 d5 2.c4 c6 3.Nf3 e6 4.e3 Nf6 5.Nc3 Nbd7 6.Qc2 Be7 7.Bd3 dxc4 8.Bxc4 b5
9.Bd3 a6 10.O-O Bb7 11.Rd1 c5 12.a3 c4 13.Be2 O-O 14.e4 Qc7 15.Bg5 Nb6 16.e5 Nfd5
17.Ne4 h6 18.Bxe7 Qxe7 19.Qd2 Rfd8 20.Re1 Bc6 21.Bd1 a5 22.Bc2 b4 23.g3 Na4
24.Bb1 Rdb8 25.Nd6 bxa3 26.Qc2 g6 27.Rxa3 Nxb2 28.Nh4 Nd3 29.Rxd3 cxd3 30.Qxc6 d2
31.Rd1 Rb6 32.Qxa8+ Kh7 33.Qxa5  1-0

[Event "Olympiad w"]
[Site "Bled SLO"]
[Date "2002.11.10"]
[Round "14"]
[White "Peng Zhaoqin"]
[Black "Anhchimeg,B"]
[Result "1-0"]
[WhiteElo "2443"]
[BlackElo "2216"]

1.d4 d5 2.c4 c6 3.Nf3 Nf6 4.Nc3 e6 5.e3 Nbd7 6.Bd3 Bd6 7.O-O O-O 8.e4 dxe4
9.Nxe4 Nxe4 10.Bxe4 h6 11.Bc2 Qc7 12.Qd3 Nf6 13.c5 Bf4 14.Bxf4 Qxf4 15.Ne5 Rd8
16.Rad1 h5 17.Rfe1 Qh6 18.Qf3 Rf8 19.h3 Bd7 20.Re3 Rad8 21.Ra3 a6 22.Re3 Bc8
23.Nc4 g5 24.Nd6 Ne8 25.Nxc8 Rxc8 26.Re5 Nc7 27.Qg3 f6 28.Re3 Rf7 29.Rde1 f5
30.Re5 Rf6 31.Qb3 Qf8 32.Qxb7 Nb5 33.Rxe6 Rxe6 34.Rxe6 Rc7 35.Qb6 Nxd4 36.Qxc7 Nxe6
37.Bb3 Qe8 38.Qe5  1-0

[Event "Olympiad w"]
[Site "Bled SLO"]
[Date "2002.11.10"]
[Round "14"]
[White "Schuurman,P"]
[Black "Batchimeg,T"]
[Result "0-1"]
[WhiteElo "2274"]
[BlackElo "2140"]

1.d4 d5 2.c4 c6 3.Nc3 Nf6 4.e3 e6 5.Nf3 Nbd7 6.Qc2 Bd6 7.g4 Nxg4 8.Rg1 Qf6
9.Rxg4 Qxf3 10.Rxg7 Nf6 11.h3 e5 12.cxd5 Bf5 13.Qb3 Ne4 14.Nxe4 Bxe4 15.Bg2 Qf6
16.Qxb7 Rb8 17.Qxc6+ Ke7 18.Rg4 Bxg2 19.Rxg2 e4 20.f4 exf3 21.Rg4 f2+ 22.Kf1 Qf3
23.Bd2 Qxh3+ 24.Kxf2 Qxg4 25.Rg1 Qh4+ 26.Ke2 Qh2+  0-1

[Event "WYb18"]
[Site "Heraklio GRE"]
[Date "2002.11.15"]
[Round "1"]
[White "Harikrishna,P"]
[Black "Sprenger,W"]
[Result "1-0"]
[WhiteElo "2551"]
[BlackElo "2174"]

1.d4 d5 2.c4 c6 3.Nc3 Nf6 4.e3 e6 5.Nf3 Nbd7 6.Bd3 dxc4 7.Bxc4 b5 8.Be2 Be7
9.a3 a5 10.e4 Rb8 11.Bd3 b4 12.axb4 axb4 13.Na4 c5 14.Bf4 Ra8 15.Rc1 Qa5
16.Nxc5 Bxc5 17.dxc5 Nxc5 18.O-O O-O 19.Bb1 Ncxe4 20.Qe1 Bb7 21.Rc4 Ba6 22.Rxe4 Bxf1
23.Qxf1 Nxe4 24.Bxe4 Rac8 25.h3 Rfd8 26.Qe2 b3 27.Kh2 Qc5 28.Ne5 Rd4 29.Bxh7+ Kxh7
30.Qh5+ Kg8 31.Qxf7+ Kh7 32.Qg6+ Kg8 33.Qxe6+ Kh7 34.Qf5+ Kg8 35.Qf7+ Kh7
36.Qf5+ Kg8 37.Be3 Rcd8 38.Qf7+ Kh7 39.Qh5+ Kg8 40.Qf7+ Kh7 41.f4 Qc2 42.Bxd4 Rxd4
43.Nf3 Rd8 44.Ng5+ Kh8 45.Qh5+ Kg8 46.Qf7+ Kh8 47.Ne6 Rg8 48.f5 Qd2 49.Qh5+ Qh6
50.Qxh6+ gxh6 51.f6  1-0

[Event "TCh-FIN 2002-3"]
[Site "Finland FIN"]
[Date "2002.11.16"]
[Round "4"]
[White "Lehtivaara,P"]
[Black "Rytshagov,M"]
[Result "1/2-1/2"]
[WhiteElo "2329"]
[BlackElo "2503"]

1.d4 d5 2.c4 e6 3.Nc3 c6 4.e3 Nf6 5.Nf3 Nbd7 6.Qc2 Bd6 7.Be2 O-O 8.O-O dxc4
9.Bxc4 b5 10.Bd3 Bb7 11.e4 e5 12.Be3 Ng4 13.a4 b4 14.Ne2 exd4 15.Nexd4 Qc7
16.h3 Nxe3 17.fxe3 g6 18.Bc4 Rae8  1/2-1/2

[Event "WYb14"]
[Site "Heraklio GRE"]
[Date "2002.11.16"]
[Round "2"]
[White "Bykhovsky,An ISR"]
[Black "Heinz,Ti"]
[Result "1-0"]
[WhiteElo "2306"]
[BlackElo "2082"]

1.d4 Nf6 2.c4 e6 3.Nf3 d5 4.Nc3 c6 5.e3 Nbd7 6.Qc2 Bd6 7.b3 O-O 8.Be2 Qe7
9.O-O dxc4 10.Bxc4 e5 11.h3 a6 12.a4 h6 13.Nh4 Rd8 14.Nf5 Qf8 15.Nxd6 Qxd6
16.Ba3 Qc7 17.Rfd1 exd4 18.Rxd4 Nf8 19.Rxd8 Qxd8 20.Rd1 Qe8 21.a5 Be6 22.Na4 N6d7
23.Bb2 Qe7 24.Nc3 Bxc4 25.bxc4 Qb4 26.Ne4 Qxa5 27.Nd6 Qh5 28.Nf5 f6 29.Rd4 Ne5
30.Rh4 Qe8 31.Bxe5 Qxe5 32.Rg4 g6 33.Nh4 g5 34.Ng6 Qc7 35.Nh4 Rd8 36.Nf5 Qh7
37.c5 Kh8 38.Rb4 Ne6 39.g4 Qd7 40.Qb2 Qd1+ 41.Kh2 Qd2 42.Qxf6+ Kh7 43.Qxh6+ Kg8
44.Qxe6+  1-0

[Event "Tch-SWE 2002-3"]
[Site "Sweden SWE"]
[Date "2002.11.16"]
[Round "4"]
[White "Berkell,P"]
[Black "Hermansson,E"]
[Result "1/2-1/2"]
[WhiteElo "2310"]
[BlackElo "2387"]

1.d4 d5 2.Nf3 Nf6 3.c4 e6 4.Nc3 c6 5.e3 Nbd7 6.Bd3 dxc4 7.Bxc4 b5 8.Be2 Bb7
9.O-O a6 10.a3 c5 11.dxc5 Nxc5 12.b4 Qxd1 13.Rxd1 Nb3 14.Rb1 Nxc1 15.Rbxc1 Be7
16.Nd4 O-O 17.Bf3 Bxf3 18.Nxf3 Rfc8 19.Ne2 Nd5 20.Rxc8+ Rxc8 21.Rc1 Rxc1+
22.Nxc1 Nb6 23.Nd2 f5 24.Kf1 Kf7 25.Nd3 Kf6 26.Ke2 e5 27.e4 g6 28.f3 Na4
29.Nb1 Ke6 30.Kd2 Nb6 31.Kc3 Nc4 32.a4 Ne3 33.axb5 axb5 34.Na3 Nxg2 35.Nxb5 Nh4
36.Ne1 Bd8 37.Kd3 Bb6 38.Ke2 g5 39.exf5+ Nxf5 40.Kd3 Bf2 41.Ng2 Bg1 42.h3 Bb6
43.Nc3 Nd4 44.Ke4 Nb3 45.Na4 Bg1 46.Kd3 Nd4 47.Ke4 Nf5 48.Nc5+ Bxc5 49.bxc5 Ng3+
50.Kd3 Kd5 51.h4 gxh4 52.Nxh4 Kxc5 53.Ke3 Kd5 54.Kf2 Nh5 55.Nf5 Ke6 56.Ne3 Kf6
57.Ng4+ Kf5 58.Ne3+ Kg5 59.Nc4 Kf4 60.Ne3 Nf6 61.Ng2+ Kf5 62.Kg3 Nd5 63.Nh4+ Kg5
64.Ng2 h5 65.Ne1 Nf4 66.Nc2 Nd3 67.Ne3 h4+ 68.Kg2 Ne1+ 69.Kf2 Nd3+ 70.Kg2 Nf4+
71.Kf2 Kf6 72.Nc4 Kf5 73.Ne3+ Ke6 74.Nc4 Kd5 75.Ne3+ Kc5 76.Nf5 h3 77.Kg3 Kc4
78.Ne7 Kd3 79.Nc6 e4  1/2-1/2

[Event "TCh-FIN 2002-3"]
[Site "Finland FIN"]
[Date "2002.11.17"]
[Round "5"]
[White "Norri,J"]
[Black "Vooremaa,A"]
[Result "1/2-1/2"]
[WhiteElo "2420"]
[BlackElo "2284"]

1.d4 Nf6 2.c4 e6 3.Nc3 d5 4.Nf3 c6 5.e3 Nbd7 6.Bd3 Be7 7.O-O O-O 8.b3 b6
9.Bb2 Bb7 10.Rc1 Rc8 11.Qe2 Rc7 12.Rfd1 Qa8 13.e4 dxe4 14.Nxe4 c5 15.Neg5 cxd4
16.Bxd4 Bc5 17.Bb2 h6 18.Nh3 Re8 19.Ne5 Nf8 20.Nf4 Ne4 21.Ng4 f5 22.Ne3 Rf7
23.Bxe4 Bxe4 24.Nd3 Bxd3 25.Rxd3 Ng6 26.g3 f4 27.Ng4 h5 28.b4 Bxb4 29.Ne5 Nxe5
30.Qxe5 Bc5 31.gxf4 h4 32.Rcd1 Qc8 33.R1d2 Bf8 34.Qe4 Qc5 35.Be5 Rc8 36.Rd4 Qc6
37.Qg6 b5 38.cxb5 Qf3 39.Qd3 Qg4+ 40.Kf1 h3 41.Rc4 Qg2+ 42.Ke2 Qg4+ 43.f3 Qg2+
44.Kd1 Rxc4 45.Qxc4 Qxf3+ 46.Kc2 Qg4 47.Kb3 g6 48.Qe2 Qf5 49.Qd3 Qg4 50.Rc2 Bg7
51.Rc8+ Rf8 52.Rxf8+ Bxf8 53.a4 Be7 54.a5 Kf7 55.b6 axb6 56.a6 Qg2 57.a7 Qb7
58.Bb8 b5 59.Qxh3 Qd5+ 60.Kc2 Qa2+ 61.Kd1 Qa1+  1/2-1/2

[Event "WYb18"]
[Site "Heraklio GRE"]
[Date "2002.11.17"]
[Round "4"]
[White "Maiorov,N"]
[Black "Grachev,B"]
[Result "0-1"]
[WhiteElo "2324"]
[BlackElo "2489"]

1.d4 d5 2.c4 e6 3.Nf3 c6 4.e3 Nf6 5.Nc3 Nbd7 6.Qc2 Bd6 7.Bd3 dxc4 8.Bxc4 b5
9.Be2 Bb7 10.O-O O-O 11.Rd1 Qc7 12.e4 e5 13.g3 Rfe8 14.dxe5 Nxe5 15.Bg5 Nxf3+
16.Bxf3 Qe7 17.Bg2 Be5 18.Ne2 Qb4 19.Rd2 c5 20.a3 Qa5 21.Bxf6 Bxf6 22.f4 c4
23.e5 Qb6+ 24.Kh1 Bxg2+ 25.Kxg2 Qb7+ 26.Kf2 Be7 27.Rf1 Bc5+ 28.Ke1 Be3 29.Rd1 Rad8
30.Nc3 Rxd1+ 31.Qxd1 Bb6 32.Qf3 Qd7 33.Ke2 f6 34.Rd1 Qh3 35.Qd5+ Kh8 36.Qf7 Qg2+  0-1

[Event "WYb12"]
[Site "Heraklio GRE"]
[Date "2002.11.18"]
[Round "5"]
[White "Pileckis,E"]
[Black "Nguyen Ngoc Truongson"]
[Result "0-1"]
[WhiteElo "2189"]
[BlackElo "2274"]

1.d4 d5 2.c4 c6 3.Nc3 Nf6 4.e3 e6 5.Nf3 Be7 6.Qc2 Nbd7 7.b3 O-O 8.Bb2 b6
9.Bd3 Bb7 10.O-O h6 11.Rad1 Rc8 12.e4 dxe4 13.Nxe4 Nxe4 14.Bxe4 Nf6 15.Ne5 Nxe4
16.Qxe4 Bd6 17.f4 f6 18.Ng6 Re8 19.Qf3 Qc7 20.Qg4 Rcd8 21.Nh4 Bc8 22.Qg3 Qf7
23.Qe3 Qh5 24.Nf3 Bb7 25.Nd2 e5 26.fxe5 fxe5 27.Qf3 Qxf3 28.Nxf3 exd4 29.Bxd4 c5
30.Bb2 Bxf3 31.gxf3 Bxh2+ 32.Kxh2 Re2+ 33.Kg3 Rxd1 34.Rxd1 Rxb2 35.Rd7 Rxa2
36.Kg4 Ra3 37.Kf5 Kh7 38.f4 a5 39.Ke6 Rxb3 40.f5 Re3+ 41.Kf7 Re5 42.Rd5 Re4
43.Rd6 Rxc4 44.Rxb6 Rf4 45.Ke6 a4 46.Ra6 h5 47.Ke5 Rg4 48.Ra5 h4 49.Rxc5 h3
50.Rc2 Rh4 51.Rh2 a3 52.f6 Rh5+ 53.Ke6 Rh6 54.Ke7 gxf6 55.Kf7 a2 56.Rxa2 h2
57.Rg2 Rh3  0-1

[Event "WYb16"]
[Site "Heraklio GRE"]
[Date "2002.11.18"]
[Round "5"]
[White "Filippov,A"]
[Black "Stellwagen,D"]
[Result "1/2-1/2"]
[WhiteElo "2292"]
[BlackElo "2426"]

1.d4 d5 2.Nf3 Nf6 3.e3 e6 4.c4 c6 5.Nc3 Nbd7 6.Qc2 Bd6 7.Be2 O-O 8.O-O dxc4
9.Bxc4 b5 10.Be2 Bb7 11.e4 e5 12.dxe5 Nxe5 13.Nxe5 Bxe5 14.Be3 Re8 15.Bf3 a6
16.Rad1 Qc7 17.h3 c5 18.Nd5 Bxd5 19.exd5 Bd6 20.a4 Rxe3 21.fxe3 Qe7 22.Rfe1 Qe5
23.Kf1 Qh2 24.Ke2 c4 25.b3 Rc8 26.axb5 axb5 27.Qf5 Re8 28.bxc4 bxc4 29.Rc1 Bb4
30.Red1 Qc7 31.Rd4 Qe7 32.Rdxc4 Qxe3+ 33.Kf1 Ba5 34.Rc8 Bb6 35.Rxe8+ Nxe8
36.Rc2 Qg1+ 37.Ke2 Qf2+ 38.Kd1 Qf1+ 39.Kd2 Ba5+ 40.Ke3 g6 41.Qc8 Qe1+ 42.Re2 Bb6+
43.Kd3 Qd1+ 44.Rd2 Qb3+ 45.Ke2 Qb5+ 46.Rd3 Qb2+ 47.Rd2 Qb5+ 48.Rd3 Qb2+ 49.Ke1 Qb1+
50.Kd2 Ba5+ 51.Ke3 Bb6+ 52.Ke2 Qb2+ 53.Ke1 Qb1+ 54.Rd1 Qb4+ 55.Kf1 Qb5+ 56.Be2 Qa4
57.Qc4 Qa3 58.Rd3 Qa1+ 59.Rd1 Qa3 60.Rd3 Qa1+ 61.Bd1 Nd6 62.Qb4 Qa6 63.Be2 Qa1+
64.Bd1 Qa6 65.Qa3 Qc4 66.Qa8+ Kg7 67.Qa1+ Kg8 68.Qa8+ Kg7 69.Qa1+ Kg8  1/2-1/2

[Event "WYb14"]
[Site "Heraklio GRE"]
[Date "2002.11.21"]
[Round "7"]
[White "Margolin,E"]
[Black "Gonda,L"]
[Result "0-1"]
[WhiteElo "2206"]
[BlackElo "2333"]

1.d4 d5 2.c4 c6 3.Nf3 Nf6 4.Nc3 e6 5.e3 Nbd7 6.Bd3 dxc4 7.Bxc4 b5 8.Bd3 Bd6
9.e4 e5 10.O-O O-O 11.a3 exd4 12.Nxd4 Ne5 13.Bc2 Qb6 14.Bg5 Nfg4 15.b4 Nc4
16.h3 Nge5 17.Nde2 Bxh3 18.Kh1 Bc8 19.a4 Bxb4 20.axb5 cxb5 21.Nd5 Qg6 22.Bf4 Qh5+
23.Kg1 Bd6 24.Nd4 Ng4 25.Nf3 Bxf4 26.Nxf4 Qh6 27.Nh3 Nge5 28.Nxe5 Nxe5 29.Qd5 Bxh3
30.Qxe5 Qg6 31.Qh2 Bg4 32.Ra3 Rfc8 33.Bb1 b4 34.Rg3 Qh5 35.e5 Qxh2+ 36.Kxh2 Be6
37.f4 a5 38.f5 Bc4 39.Rf4 b3 40.Rfg4 g6 41.e6 fxe6 42.fxg6 hxg6 43.Rxg6+ Kf7
44.Rg7+ Kf6 45.Rh7 a4 46.Rf3+ Ke5 47.Rd7 Bd5 48.Re3+ Kf6 49.g4 Rg8 50.Kg3 a3
51.Kf4 Ra4+  0-1

[Event "WYb16"]
[Site "Heraklio GRE"]
[Date "2002.11.23"]
[Round "10"]
[White "Pixton,A"]
[Black "Adly,A"]
[Result "1-0"]
[WhiteElo "2443"]
[BlackElo "2294"]

1.d4 d5 2.c4 e6 3.Nf3 Nf6 4.Nc3 c6 5.e3 Ne4 6.Bd3 f5 7.Ne5 Qf6 8.O-O Bd6
9.f4 O-O 10.Bd2 Nd7 11.Be1 Qh6 12.Rf3 g5 13.Bxe4 dxe4 14.Rg3 Nxe5 15.dxe5 Be7
16.fxg5 Qg7 17.Qh5 Bc5 18.g6 h6 19.Kh1 Bd7 20.Ne2 Rad8 21.Nf4 Be7 22.Rh3 Bg5
23.Bh4 Bxh4 24.Qxh4 Qxe5 25.g7 Rf6 26.Nh5 Kf7 27.Rd1  1-0

[Event "ch-ISR"]
[Site "Tel Aviv ISR"]
[Date "2002.11.26"]
[Round "2"]
[White "Kreizberg,M"]
[Black "Golod,V"]
[Result "0-1"]
[WhiteElo "2346"]
[BlackElo "2523"]

1.Nf3 e6 2.c4 d5 3.d4 Nf6 4.Nc3 c6 5.e3 Nbd7 6.Qc2 Bd6 7.b3 O-O 8.Be2 b6
9.O-O Bb7 10.Rd1 c5 11.cxd5 exd5 12.Nb5 Bb8 13.Ba3 a6 14.Nc3 Bd6 15.Rac1 Rc8
16.Qf5 Re8 17.Na4 Qe7 18.Rc2 c4 19.Bxd6 Qxd6 20.bxc4 dxc4 21.Nc3 b5 22.Nxb5 axb5
23.Qxb5 Bc6 24.Qa6 Ra8 25.Qxc4 Ba4 26.Rdc1 Bxc2 27.Qxc2 Qf8 28.Ra1 Rec8 29.Qd2 Qa3
30.Ne1 Ne4 31.Qd3 Qc3 32.Qd1 Qd2 33.Qxd2  0-1

[Event "Hotel Opatija GM Nov"]
[Site "Rijeka CRO"]
[Date "2002.11.27"]
[Round "7"]
[White "Plachetka,J"]
[Black "Saric,Ib"]
[Result "1/2-1/2"]
[WhiteElo "2444"]
[BlackElo "2384"]

1.d4 d5 2.c4 c6 3.Nf3 Nf6 4.Nc3 e6 5.e3 Nbd7 6.Qc2 b6 7.b3 Bb7 8.Be2 Be7
9.O-O O-O 10.Bb2 Rc8 11.e4 dxe4 12.Nxe4 c5 13.Nxf6+ Bxf6 14.Rad1 Qe7 15.Rfe1 Bxf3
16.Bxf3 Bxd4 17.Bxd4 cxd4 18.Rxd4 Nf6 19.Qc3 Rc7 20.Qe3 Rd8 21.Rxd8+ Qxd8
22.Rd1 Rd7 23.Rxd7 Nxd7 24.Qd4 Qc7 25.g3 a5 26.Qe4 g6 27.h4 Nc5 28.Qd4 e5
29.Qe3 Kg7 30.Bd5 h6 31.Kg2 Qd6 32.Qc3 Nd7 33.f4 f6 34.f5 Nf8 35.fxg6 Nxg6
36.Qf3 Qd7 37.Qe3 Qd6 38.Qe4 Qd7 39.Qe3 Qd6 40.Qf3 Qd7 41.Qf2 Ne7 42.Bf3 Qd6
43.Bg4  1/2-1/2

[Event "74th ch-GER"]
[Site "Saarbruecken GER"]
[Date "2002.11.27"]
[Round "6"]
[White "Becking,S"]
[Black "Mueller,Matt"]
[Result "1-0"]
[WhiteElo "2315"]
[BlackElo "2403"]

1.d4 e6 2.c4 d5 3.Nf3 Nf6 4.Nc3 c6 5.e3 Nbd7 6.Qc2 Bd6 7.g4 Bb4 8.Bd2 Qe7
9.g5 Bxc3 10.Bxc3 Ne4 11.Bd3 Nxc3 12.Qxc3 dxc4 13.Bxc4 O-O 14.h4 b5 15.Bd3 c5
16.Qc2 f5 17.gxf6 Nxf6 18.Qxc5 Qb7 19.Be2 Bd7 20.Rg1 Rac8 21.Qe5 Rc2 22.Nd2 Rxb2
23.d5 Rxd2 24.Kxd2 exd5 25.Rac1 Qb6 26.Rc7 Qa5+ 27.Kd1 Qa4+ 28.Ke1 Qa5+ 29.Kd1 Qxa2
30.Bd3 Qxf2 31.Qg5 Rf7 32.Rg2 Bg4+ 33.Rxg4 Rxc7 34.Rg2 Qf3+ 35.Kd2 Re7 36.Kc2 Qxe3
37.Qxf6 Qe5 38.Rxg7+  1-0

[Event "TCh-AUT B"]
[Site "Mitte AUT"]
[Date "2002.11.30"]
[Round "4"]
[White "Kratschmer,H"]
[Black "Tober,G"]
[Result "0-1"]
[WhiteElo "2096"]
[BlackElo "2233"]

1.d4 d5 2.Nf3 Nf6 3.e3 c6 4.c4 e6 5.Nc3 Nbd7 6.Bd3 dxc4 7.Bxc4 b5 8.Bd3 a6
9.O-O c5 10.b3 Bb7 11.Be2 Be7 12.Bb2 O-O 13.Rc1 Rc8 14.Qd3 Qa5 15.Rfd1 Rfd8
16.Qb1 c4 17.Nd2 b4 18.Nxc4 Qg5 19.Bf1 bxc3 20.Bxc3 Ne4 21.Ba5 Re8 22.Be1 Nd6
23.Bb4 Nb5 24.Bd2 h5 25.a4 Nd6 26.e4 Qg6 27.f3 Nxc4 28.bxc4 Rb8 29.Qa1 e5
30.dxe5 Bc5+ 31.Kh1 Nxe5 32.Bf4 Qf6 33.Bg3 h4 34.Be1 Bc6 35.Bc3 h3 36.Rc2 Qg5
37.Bxe5 Qxe5 38.gxh3 Qxa1 39.Rxa1 Red8 40.Kg2 a5 41.Be2 Rd6 42.Kf1 Rg6 43.Ke1 Rg1+
44.Bf1 Bd7 45.Rg2 Rxf1+ 46.Kxf1 Bxh3  0-1

[Event "33rd NCC"]
[Site "Philadelphia USA"]
[Date "2002.11.30"]
[Round "4"]
[White "Shapiro,D"]
[Black "Kleiman,J"]
[Result "1-0"]
[WhiteElo "2311"]
[BlackElo "2197"]

1.d4 d5 2.c4 c6 3.Nf3 Nf6 4.Nc3 e6 5.e3 Nbd7 6.Qc2 Bd6 7.b3 O-O 8.Be2 Re8
9.O-O dxc4 10.bxc4 e5 11.Rd1 e4 12.Nd2 Qe7 13.a4 Nf8 14.Qa2 Qc7 15.h3 Bf5
16.Ba3 Bxa3 17.Qxa3 Ne6 18.a5 a6 19.c5 Nd5 20.Ndxe4 Nef4 21.Bf3 Nxc3 22.Nxc3 Nxh3+
23.gxh3 Bxh3 24.Bg2 Qd7 25.Qa2 Re6 26.Bxh3 Rg6+ 27.Bg2 Qh3 28.f3 h5 29.Kf1 Qh2
30.Qf2 h4 31.Qg1 Qc7 32.Qh1 Qe7 33.Ne4 f5 34.Nd6 Rf8 35.Rab1 Rg3 36.Re1 g5
37.Rxb7 Qf6 38.Rd1 g4 39.Kf2 f4 40.Ne4 fxe3+ 41.Ke1 Qh6 42.Nxg3 h3 43.Bxh3  1-0

[Event "Superstars Hotel Bali"]
[Site "Benidorm ESP"]
[Date "2002.12.01"]
[Round "10"]
[White "Granero Roca,A"]
[Black "Shirov,A"]
[Result "1/2-1/2"]
[WhiteElo "2342"]
[BlackElo "2699"]

1.d4 d5 2.c4 e6 3.Nf3 Nf6 4.Nc3 c6 5.e3 Nbd7 6.Qc2 Bd6 7.Be2 O-O 8.O-O e5
9.cxd5 cxd5 10.Nb5 Bb8 11.dxe5 Nxe5 12.Bd2 Bg4 13.Nbd4 Ne4 14.Bc3 Qd6 15.g3 Nxf3+
16.Nxf3 Rc8 17.Qb3 Ng5 18.Qd1 Ne6 19.Nd4 Bh3 20.Re1 a6 21.Bg4 Bxg4 22.Qxg4 Rc4
23.Rac1 g6 24.b3 h5 25.Qh4 Nxd4 26.Bxd4 Rc6 27.Qg5 Kh7 28.Rxc6 bxc6 29.e4 Ba7
30.Be5 Qe6 31.exd5 cxd5 32.Rc1 Re8 33.Bc3 d4 34.Bd2 Qd7 35.Qf4 Bb8 36.Qf3 d3
37.Rc3 Rd8 38.Qf6 Ba7 39.Rxd3 Qxd3 40.Qxf7+ Kh8 41.Qf6+ Kh7 42.Qf7+ Kh8 43.Qf6+ Kg8
44.Qe6+  1/2-1/2

[Event "TCh-AUT B"]
[Site "Mitte AUT"]
[Date "2002.12.01"]
[Round "5"]
[White "Seifert,V"]
[Black "Leitner,K"]
[Result "1-0"]
[WhiteElo "2311"]
[BlackElo "2153"]

1.d4 e6 2.c4 d5 3.Nc3 c6 4.e3 Nf6 5.Nf3 Bd6 6.Bd3 h6 7.O-O Nbd7 8.e4 dxe4
9.Nxe4 Nxe4 10.Bxe4 Nf6 11.Bc2 Qa5 12.Bd2 Qh5 13.Bc3 Bd7 14.a4 Rd8 15.Re1 Rg8
16.Qe2 g5 17.Rad1 Ng4 18.g3 Kf8 19.Qf1 Be7 20.h3 Nf6 21.g4 Nxg4 22.hxg4 Qxg4+
23.Qg2 Qh5 24.Ne5 g4 25.Rd3 Bh4 26.Bd1 f5 27.Bd2 Bg5 28.Bb4+ Ke8 29.d5 Bf6
30.Nxd7 Rxd7 31.Rxe6+ Kf7 32.Bd2 c5 33.Bf4 Bd4 34.Rxh6  1-0

[Event "TCh-AUT B"]
[Site "Mitte AUT"]
[Date "2002.12.01"]
[Round "5"]
[White "Ftacnik,L"]
[Black "Pavasovic,D"]
[Result "1-0"]
[WhiteElo "2603"]
[BlackElo "2581"]

1.d4 d5 2.c4 e6 3.Nc3 c6 4.e3 Nf6 5.Nf3 Nbd7 6.Qc2 Bd6 7.Bd3 O-O 8.O-O e5
9.cxd5 cxd5 10.e4 dxe4 11.Nxe4 Nxe4 12.Bxe4 h6 13.Be3 exd4 14.Bh7+ Kh8 15.Bxd4 Nf6
16.Bf5 Qa5 17.Bxc8 Rfxc8 18.Qb3 Qd5 19.Bxf6 Qxb3 20.Bxg7+ Kxg7 21.axb3 Be7
22.Rfd1 Bf6 23.Rd2 Rc6 24.Re1 Rac8 25.g3 Rc2 26.Ree2 Rxd2 27.Rxd2 Rc6 28.Kg2 Rb6
29.Rd3 Bxb2 30.Nd2 Rb4 31.Nc4 Ba1 32.f4 b6 33.Kf3 Rb5 34.g4 a5 35.h4 Rb4
36.Ne3 Bb2 37.h5 Kh7 38.Nd5 Rd4 39.Rxd4 Bxd4 40.Ke4 Bc5 41.Nc3 Bb4 42.Nb5 Kg7
43.Ke5 Bc5 44.f5 Be7 45.Nc7 Bf6+ 46.Kd5 Bh4 47.Ne8+ Kf8 48.Nd6 Kg7 49.Ne4 b5
50.Kc5 a4 51.bxa4 bxa4 52.Kb4 Bf6 53.Kxa4 Ba1 54.Kb5 Bb2 55.Kc6 Bc1 56.Kd7 Bb2
57.Ke8 Ba3 58.f6+ Kg8 59.Ng3 Bb2 60.Nf5 Bxf6 61.Nxh6+ Kg7 62.Nxf7 Bh4 63.Nd6 Kf6
64.Nf5 Be1 65.Kf8  1-0

[Event "ch-ISR w"]
[Site "Tel Aviv ISR"]
[Date "2002.12.02"]
[Round "8"]
[White "Borsuk,A"]
[Black "Yudasina,I"]
[Result "0-1"]
[WhiteElo "2255"]
[BlackElo "2128"]

1.d4 d5 2.c4 e6 3.Nf3 c6 4.e3 Nf6 5.Nc3 Nbd7 6.Bd3 dxc4 7.Bxc4 b5 8.Bd3 a6
9.a4 b4 10.Na2 c5 11.O-O Be7 12.Qe2 Bb7 13.Bd2 a5 14.Rfd1 O-O 15.Nc1 cxd4
16.exd4 Nb6 17.Nb3 Bd5 18.Nc5 Ra7 19.Ne1 h6 20.Bf4 Qa8 21.Rac1 Rc8 22.Bb1 Bc6
23.Rd3 Nbd5 24.Bd2 Bd6 25.Rf3 Qb8 26.Ned3 Ne7 27.Rxf6 gxf6 28.Bxh6 Ng6 29.Qh5 Bd5
30.Ne5 Bxe5 31.Bxg6 fxg6 32.Qxg6+ Kh8 33.dxe5 Qxe5 34.Nd3 Rxc1+ 35.Bxc1 Qf5
36.Qxf5 exf5 37.Be3 Rg7 38.g3 Rd7 39.Nc5 Rd8 40.f4 Be4 41.Kf2 Rd1 42.g4 Rh1
43.Bd4 Rxh2+ 44.Ke3 Rh3+ 45.Kd2 Kg8 46.Bxf6 Kf7 47.Be5 Rg3 48.g5 Bc6 49.Bc7 Rg2+
50.Kc1 Be4 51.Nxe4 fxe4 52.Bxa5 b3 53.Bc3 Ke6 54.a5 Kf5 55.a6 Rg1+ 56.Kd2 Ra1
57.Bd4 Rxa6 58.Kc3 Rd6 59.Be5 Rd3+ 60.Kc4 Rd8 61.Kxb3 e3 62.Bc3 e2 63.Ka4 Rc8
64.Be1 Rc1 65.Bd2 Rc2 66.Be1 Rxb2 67.g6 Kxg6  0-1

[Event "Winter Cup"]
[Site "Bucharest ROM"]
[Date "2002.12.03"]
[Round "3"]
[White "Milanovic,Sla"]
[Black "Raceanu,V"]
[Result "1-0"]
[WhiteElo "2298"]
[BlackElo "2339"]

1.c4 e6 2.Nc3 d5 3.d4 c6 4.e3 Nf6 5.Nf3 Nbd7 6.Qc2 Bd6 7.Bd3 O-O 8.O-O dxc4
9.Bxc4 a6 10.a3 Qe7 11.Ne2 b5 12.Ba2 c5 13.dxc5 Nxc5 14.b4 Nce4 15.Bb2 Bb7
16.Rac1 a5 17.bxa5 Rxa5 18.Ned4 b4 19.a4 Rc8 20.Qxc8+ Bxc8 21.Rxc8+ Ne8 22.Nc6 Qd7
23.Rd8 Qxc6 24.Nd4 Qb6 25.Rxe8+ Bf8 26.Nxe6 Ra8 27.Rxa8 fxe6 28.Rd1 Kf7 29.Rd7+ Kg6
30.Rxf8 Qc5 31.Rxg7+ Kh6 32.Bb1 Qd6 33.Rxh7+ Kxh7 34.Bxe4+ Kh6 35.Rh8+ Kg5
36.f4+ Kg4 37.h3+ Kg3 38.Rg8+ Kh4 39.Bf6+  1-0

[Event "TCh-ESP"]
[Site "Mondariz ESP"]
[Date "2002.12.03"]
[Round "4"]
[White "Rustemov,A"]
[Black "Cifuentes Parada,R"]
[Result "1-0"]
[WhiteElo "2597"]
[BlackElo "2507"]

1.c4 e6 2.Nc3 d5 3.d4 c6 4.e3 Nf6 5.Nf3 Nbd7 6.Qc2 Bd6 7.b3 O-O 8.Be2 b6
9.O-O Bb7 10.Bb2 Qe7 11.Rad1 Rad8 12.Rfe1 h6 13.e4 Nxe4 14.Nxe4 dxe4 15.Qxe4 Nf6
16.Qc2 c5 17.d5 Rfe8 18.Bd3 Qc7 19.Bxf6 gxf6 20.Qc3 Bf8 21.dxe6 Bxf3 22.exf7+ Kxf7
23.gxf3 Qf4 24.Rxe8 Rxe8 25.Qc2 Re5 26.Bg6+ Kg7 27.Be4 f5 28.Bc6 Be7 29.Qd2 Qxd2
30.Rxd2 Bg5 31.f4 Bxf4 32.Rd7+ Kf6 33.Rxa7 Re7 34.Ra6 Bc7 35.Bd5 Ke5 36.Kf1 Kf4
37.h3 h5 38.Ra8 Be5 39.Rg8 Bc3 40.Rg3 Re1+ 41.Kg2 Bd4 42.Rf3+ Ke5 43.h4 b5
44.Bf7 b4 45.Bxh5 Re4 46.Rh3 Re1 47.Bg6 Re2 48.Rf3 f4 49.h5 Rxa2 50.Bd3 Kf6
51.Rxf4+ Kg5 52.Rf5+ Kh6 53.Kg3 Rb2 54.Be4 Rxb3+ 55.Kg4 Rb2 56.Rf7 Bg7 57.f4 Rd2
58.Rc7 Rd6 59.Rxc5 b3 60.Rb5 b2 61.c5  1-0

[Event "TCh-ESP"]
[Site "Mondariz ESP"]
[Date "2002.12.03"]
[Round "4"]
[White "Marin,M"]
[Black "Vera,R"]
[Result "1/2-1/2"]
[WhiteElo "2556"]
[BlackElo "2544"]

1.c4 c6 2.Nf3 d5 3.e3 Nf6 4.Nc3 e6 5.d4 Nbd7 6.Qc2 Bd6 7.b3 O-O 8.Be2 a6
9.O-O e5 10.cxd5 cxd5 11.dxe5 Nxe5 12.Bb2 Be6 13.Rfc1 Rc8 14.Qd1 Qe7 15.Na4 Nxf3+
16.Bxf3 Ba3 17.Rxc8 Rxc8 18.Rc1 Rxc1 19.Qxc1 Bxb2 20.Qxb2 b5 21.Nc3  1/2-1/2

[Event "TCh-ESP"]
[Site "Mondariz ESP"]
[Date "2002.12.04"]
[Round "5"]
[White "Vera,R"]
[Black "Gurevich,M"]
[Result "0-1"]
[WhiteElo "2544"]
[BlackElo "2634"]

1.d4 d5 2.c4 c6 3.Nc3 Nf6 4.e3 e6 5.Nf3 a6 6.a3 Nbd7 7.b4 Bd6 8.Bb2 O-O 9.c5 Bc7
10.Na4 Qe7 11.Be2 Rb8 12.O-O e5 13.Nxe5 Nxe5 14.dxe5 Bxe5 15.Bxe5 Qxe5 16.Re1 Re8
17.Qd4 Qg5 18.Nc3 Bf5 19.Bf1 Re6 20.f3 Rbe8 21.Kf2 Nd7 22.Qf4 Qf6 23.Rac1 g5
24.Qd4 Ne5 25.Rcd1 g4 26.Qf4 gxf3 27.gxf3 Nxf3 28.Nxd5 cxd5 29.Qxf3 Bg4 30.Qf4 Qh4+
31.Kg1 Rf6 32.Qg3 Qxg3+  0-1

[Event "TCh-ESP"]
[Site "Mondariz ESP"]
[Date "2002.12.05"]
[Round "6"]
[White "Rodriguez,Or"]
[Black "Vera,R"]
[Result "1/2-1/2"]
[WhiteElo "2465"]
[BlackElo "2544"]

1.d4 d5 2.c4 c6 3.Nc3 e6 4.Nf3 Nf6 5.e3 Nbd7 6.Bd3 dxc4 7.Bxc4 b5 8.Bd3 a6
9.e4 c5 10.e5 cxd4 11.Nxb5 axb5 12.exf6 gxf6 13.O-O Qb6 14.Qe2  1/2-1/2

[Event "TCh-ESP"]
[Site "Mondariz ESP"]
[Date "2002.12.06"]
[Round "7"]
[White "Narciso Dublan,M"]
[Black "Dominguez,L"]
[Result "1/2-1/2"]
[WhiteElo "2467"]
[BlackElo "2608"]

1.d4 Nf6 2.c4 c6 3.Nc3 d5 4.Nf3 e6 5.e3 Nbd7 6.Qc2 Bd6 7.Bd3 O-O 8.O-O dxc4
9.Bxc4 b5 10.Be2 Bb7 11.Rd1 Qb8 12.a3 Rc8 13.e4 c5 14.d5 exd5 15.Nxd5 Nxd5
16.exd5 c4 17.Qf5 Qc7 18.Be3 Re8 19.a4 a6  1/2-1/2

[Event "Tch-SWE 2002-3"]
[Site "Sweden SWE"]
[Date "2002.12.07"]
[Round "5"]
[White "Collett,P"]
[Black "Delveborn,I"]
[Result "1/2-1/2"]
[WhiteElo "2105"]
[BlackElo "2235"]

1.d4 d5 2.c4 c6 3.Nc3 Nf6 4.e3 e6 5.Nf3 Nbd7 6.Bd3 dxc4 7.Bxc4 b5 8.Bd3 Bb7
9.a3 a6 10.b4 a5 11.Rb1 axb4 12.axb4 Nd5 13.Nxd5 exd5 14.O-O Bd6 15.e4 dxe4
16.Bxe4 Qc7 17.Re1 O-O 18.Bc2 Rfe8 19.Rxe8+ Rxe8 20.Qd3 g6 21.Bd2 Nf6 22.Ne5 Nd5
23.Nf3 Bc8 24.g3 Bf5 25.Qb3 Bxc2 26.Qxc2 f6 27.Ne1 Qd7 28.Nd3 Kg7 29.Ra1 Qb7
30.Nc5 Bxc5 31.dxc5 Ra8 32.Re1 Qd7 33.Qe4 Kf7 34.Kg2 Re8 35.Qh4 h5 36.Ra1 Qg4
37.Qxg4 hxg4 38.Re1 Rxe1 39.Bxe1 Ke6 40.f3 gxf3+ 41.Kxf3 Ke5 42.h4 f5 43.Bd2 Kf6
44.g4 Ke5 45.gxf5 Kxf5 46.Be1 Nf4 47.Bd2 Ne6 48.Bc3 Nc7 49.Bd2 Nd5 50.Be1 Nf6
51.Bc3 Ne4 52.Bd4 Nd2+ 53.Ke3 Nf1+ 54.Kf3 Nh2+ 55.Kg3 Ng4 56.Kf3 Nh6 57.Be3 Nf7
58.Bd4 g5 59.hxg5 Nxg5+ 60.Ke3 Ke6 61.Kd3 Kd5 62.Bf6 Ne6 63.Bb2 Nf4+ 64.Ke3 Ng2+
65.Kd3 Nh4 66.Bf6 Nf5 67.Bb2 Ng3 68.Bc3 Ne4 69.Bb2 Nf2+ 70.Ke2 Ng4 71.Kd3 Nh6
72.Bg7 Nf5 73.Bb2 Ng3 74.Bc3 Ne4 75.Bb2 Nf2+ 76.Ke2 Ng4 77.Kd3 Nh6 78.Bg7 Nf5  1/2-1/2